• 首页
  • 本馆介绍
  • 公告通知
  • 最新文献
  • 馆藏检索
  • 电子资源
  • 读者导购
  • 参考咨询
  • 我的图书馆
  • 登录
  • 详细信息显示
  • 放入我的书架
  • 预约/预借图书
  • 作者相关作品
  • 分类相关作品
  • 丛书相关作品
  • 出版社相关作品

书目信息

  • 表格格式
  • 工作单格式
  • 卡片格式
题名:
案例教学的理论及其在我国的实践
    
 
作者: 王献平 著
分册:  
出版信息: 北京   兵器工业出版社  2011
页数: 243页
开本: 23cm
丛书名:
单 册:
中图分类: G424.1
科图分类:
主题词: 教学法 , 案例 , 案例--教学法--研究--中国
电子资源:
ISBN: 978-7-80248-591-4
000 00870nam0 2200253 45
001 1360570531
005 20130603084803.28
010    @a978-7-80248-591-4@dCNY48.00
100    @a20130513d2011 em y0chiy50 ea
101 0  @achi
102    @aCN@b110000
105    @ay z 000yy
106    @ar
200 1  @a案例教学的理论及其在我国的实践@AAn Li Jiao Xue De Li Lun Ji Qi Zai Wo Guo De Shi Jian@f王献平著@FWang Xian Ping Zhu
210    @a北京@c兵器工业出版社@d2011
215    @a243页@d23cm
330    @a本书主要介绍了我国教育理论界对于案例教学的研究成果,并展示了近年来案例教学法在我国普通中学、普通高校、高等职业学校及成人教育中研究与运用的情况。
606 0  @a教学法
606 0  @a案例
606 0  @a案例@x教学法@x研究@y中国
690    @aG424.1@v5
701  0 @a王献平@AWang Xian Ping@4著
801    @aCN@bTANGWEI@c20130523
905    @b0835616-18@dG424.1@e250@f3
    
    案例教学的理论及其在我国的实践/王献平著.-北京:兵器工业出版社,2011
    243页;23cm
    
    
    ISBN 978-7-80248-591-4:CNY48.00
    本书主要介绍了我国教育理论界对于案例教学的研究成果,并展示了近年来案例教学法在我国普通中学、普通高校、高等职业学校及成人教育中研究与运用的情况。
●
相关链接 在E读中查询图书 在五车中查询图书 在当当中查询图书 在豆瓣中查询图书


正题名:案例教学的理论及其在我国的实践     索取号:G424.1/250         预约/预借

序号 登录号 条形码 馆藏地/架位号 状态 备注
1 0835616   208356161   第一样本阅览室/ [索取号:G424.1/250] 在馆    
2 0835617   208356170   第四借阅区/ [索取号:G424.1/250] 在馆    
3 0835618   208356189   教育系资料室/ [索取号:G424.1/250] 在馆    
唐山师范学院图书馆 欢迎您!
大连网信软件有限公司© 版权所有